<?xml version="1.0" encoding="UTF-8"?>
<record
    xmlns:xsi="http://www.w3.org/2001/XMLSchema-instance"
    xsi:schemaLocation="http://www.loc.gov/MARC21/slim http://www.loc.gov/standards/marcxml/schema/MARC21slim.xsd"
    xmlns="http://www.loc.gov/MARC21/slim">

  <leader>00685nam a22001337a 4500</leader>
  <datafield tag="040" ind1=" " ind2=" ">
    <subfield code="c">RUA</subfield>
  </datafield>
  <datafield tag="082" ind1=" " ind2=" ">
    <subfield code="a">VEM LUN 2015 B533 Or.1</subfield>
  </datafield>
  <datafield tag="100" ind1=" " ind2=" ">
    <subfield code="a">LUN VISAY; &#x179B;&#x1793;&#x17CB; &#x179C;&#x17B7;&#x179F;&#x17D0;&#x1799;</subfield>
  </datafield>
  <datafield tag="245" ind1=" " ind2=" ">
    <subfield code="a">Effect of levamisol and ivomec-f on gastrointestinal parasites in fattening pig at prey kabas district, takeo province; &#x1794;&#x17D2;&#x179A;&#x179F;&#x17B7;&#x1791;&#x17D2;&#x1792;&#x1797;&#x17B6;&#x1796; Levamisol &#x1793;&#x17B7;&#x1784; Ivomec-f &#x179B;&#x17BE;&#x1794;&#x179A;&#x17B6;&#x179F;&#x17B7;&#x178F;&#x1780;&#x17D2;&#x1793;&#x17BB;&#x1784;&#x1780;&#x17D2;&#x179A;&#x1796;&#x17C7;&#x1796;&#x17C4;&#x17C7;&#x179C;&#x17C0;&#x1793;&#x1787;&#x17D2;&#x179A;&#x17BC;&#x1780;&#x179F;&#x17B6;&#x1785;&#x17CB; &#x1793;&#x17C5;&#x1780;&#x17D2;&#x1793;&#x17BB;&#x1784;&#x179F;&#x17D2;&#x179A;&#x17BB;&#x1780;&#x1796;&#x17D2;&#x179A;&#x17C3;&#x1780;&#x1794;&#x17D2;&#x1794;&#x17B6;&#x179F; &#x1781;&#x17C1;&#x178F;&#x17D2;&#x178F;&#x178F;&#x17B6;&#x1780;&#x17C2;&#x179C;</subfield>
  </datafield>
  <datafield tag="260" ind1=" " ind2=" ">
    <subfield code="a">PHNOM PENH</subfield>
    <subfield code="b">LUN</subfield>
    <subfield code="c">2015</subfield>
  </datafield>
  <datafield tag="300" ind1=" " ind2=" ">
    <subfield code="a">x;41p.</subfield>
    <subfield code="b">ill.</subfield>
    <subfield code="c">29cm.</subfield>
  </datafield>
  <datafield tag="856" ind1=" " ind2=" ">
    <subfield code="u"> LUN VISAY</subfield>
  </datafield>
  <datafield tag="942" ind1=" " ind2=" ">
    <subfield code="c">VEM</subfield>
  </datafield>
  <datafield tag="999" ind1=" " ind2=" ">
    <subfield code="c">10910</subfield>
    <subfield code="d">10910</subfield>
  </datafield>
  <datafield tag="952" ind1=" " ind2=" ">
    <subfield code="0">0</subfield>
    <subfield code="1">0</subfield>
    <subfield code="2">ddc</subfield>
    <subfield code="4">0</subfield>
    <subfield code="6">VEM_LUN_2015_000000000000000_B533_OR_1</subfield>
    <subfield code="7">0</subfield>
    <subfield code="9">57401</subfield>
    <subfield code="a">LBB</subfield>
    <subfield code="b">LBB</subfield>
    <subfield code="c">B533</subfield>
    <subfield code="d">2016-11-25</subfield>
    <subfield code="o">VEM LUN 2015 B533 Or.1</subfield>
    <subfield code="p">A03625</subfield>
    <subfield code="r">2016-11-25</subfield>
    <subfield code="w">2016-11-25</subfield>
    <subfield code="y">VEM</subfield>
  </datafield>
  <datafield tag="952" ind1=" " ind2=" ">
    <subfield code="0">0</subfield>
    <subfield code="1">0</subfield>
    <subfield code="2">ddc</subfield>
    <subfield code="4">0</subfield>
    <subfield code="6">VEM_LUN_2015_000000000000000_B533_OR_2</subfield>
    <subfield code="7">0</subfield>
    <subfield code="9">57402</subfield>
    <subfield code="a">LBB</subfield>
    <subfield code="b">LBB</subfield>
    <subfield code="c">B533</subfield>
    <subfield code="d">2016-11-25</subfield>
    <subfield code="o">VEM LUN 2015 B533 Or.2</subfield>
    <subfield code="p">A03150</subfield>
    <subfield code="r">2016-11-25</subfield>
    <subfield code="w">2016-11-25</subfield>
    <subfield code="y">VEM</subfield>
  </datafield>
  <datafield tag="952" ind1=" " ind2=" ">
    <subfield code="0">0</subfield>
    <subfield code="1">0</subfield>
    <subfield code="2">ddc</subfield>
    <subfield code="4">0</subfield>
    <subfield code="6">VEM_LUN_2015_000000000000000_B533_OR_3</subfield>
    <subfield code="7">0</subfield>
    <subfield code="9">57403</subfield>
    <subfield code="a">LBB</subfield>
    <subfield code="b">LBB</subfield>
    <subfield code="c">B533</subfield>
    <subfield code="d">2016-11-25</subfield>
    <subfield code="o">VEM LUN 2015 B533 Or.3</subfield>
    <subfield code="p">A04369</subfield>
    <subfield code="r">2016-11-25</subfield>
    <subfield code="w">2016-11-25</subfield>
    <subfield code="y">VEM</subfield>
  </datafield>
  <datafield tag="952" ind1=" " ind2=" ">
    <subfield code="0">0</subfield>
    <subfield code="1">0</subfield>
    <subfield code="2">ddc</subfield>
    <subfield code="4">0</subfield>
    <subfield code="6">VEM_LUN_2015_000000000000000_B533_OR_4</subfield>
    <subfield code="7">0</subfield>
    <subfield code="9">57404</subfield>
    <subfield code="a">LBB</subfield>
    <subfield code="b">LBB</subfield>
    <subfield code="c">B533</subfield>
    <subfield code="d">2016-11-25</subfield>
    <subfield code="o">VEM LUN 2015 B533 Or.4</subfield>
    <subfield code="p">A01180</subfield>
    <subfield code="r">2016-11-25</subfield>
    <subfield code="w">2016-11-25</subfield>
    <subfield code="y">VEM</subfield>
  </datafield>
  <datafield tag="952" ind1=" " ind2=" ">
    <subfield code="0">0</subfield>
    <subfield code="1">0</subfield>
    <subfield code="2">ddc</subfield>
    <subfield code="4">0</subfield>
    <subfield code="6">VEM_LUN_2015_000000000000000_B533_OR_5</subfield>
    <subfield code="7">0</subfield>
    <subfield code="9">57405</subfield>
    <subfield code="a">LBB</subfield>
    <subfield code="b">LBB</subfield>
    <subfield code="c">B533</subfield>
    <subfield code="d">2016-11-25</subfield>
    <subfield code="o">VEM LUN 2015 B533 Or.5</subfield>
    <subfield code="p">A00298</subfield>
    <subfield code="r">2016-11-25</subfield>
    <subfield code="w">2016-11-25</subfield>
    <subfield code="y">VEM</subfield>
  </datafield>
  <datafield tag="952" ind1=" " ind2=" ">
    <subfield code="0">0</subfield>
    <subfield code="1">0</subfield>
    <subfield code="2">ddc</subfield>
    <subfield code="4">0</subfield>
    <subfield code="6">VEM_LUN_2015_000000000000000_B533_OR_6</subfield>
    <subfield code="7">0</subfield>
    <subfield code="9">57406</subfield>
    <subfield code="a">LBB</subfield>
    <subfield code="b">LBB</subfield>
    <subfield code="c">B533</subfield>
    <subfield code="d">2016-11-25</subfield>
    <subfield code="o">VEM LUN 2015 B533 Or.6</subfield>
    <subfield code="p">A01278</subfield>
    <subfield code="r">2016-11-25</subfield>
    <subfield code="w">2016-11-25</subfield>
    <subfield code="y">VEM</subfield>
  </datafield>
  <datafield tag="952" ind1=" " ind2=" ">
    <subfield code="0">0</subfield>
    <subfield code="1">0</subfield>
    <subfield code="2">ddc</subfield>
    <subfield code="4">0</subfield>
    <subfield code="6">VEM_LUN_2015_000000000000000_B533_OR_7</subfield>
    <subfield code="7">0</subfield>
    <subfield code="9">57407</subfield>
    <subfield code="a">LBB</subfield>
    <subfield code="b">LBB</subfield>
    <subfield code="c">B533</subfield>
    <subfield code="d">2016-11-25</subfield>
    <subfield code="o">VEM LUN 2015 B533 Or.7</subfield>
    <subfield code="p">A00062</subfield>
    <subfield code="r">2016-11-25</subfield>
    <subfield code="w">2016-11-25</subfield>
    <subfield code="y">VEM</subfield>
  </datafield>
  <datafield tag="952" ind1=" " ind2=" ">
    <subfield code="0">0</subfield>
    <subfield code="1">0</subfield>
    <subfield code="2">ddc</subfield>
    <subfield code="4">0</subfield>
    <subfield code="6">VEM_LUN_2015_000000000000000_B533_OR_8</subfield>
    <subfield code="7">0</subfield>
    <subfield code="9">57408</subfield>
    <subfield code="a">LBB</subfield>
    <subfield code="b">LBB</subfield>
    <subfield code="c">B533</subfield>
    <subfield code="d">2016-11-25</subfield>
    <subfield code="o">VEM LUN 2015 B533 Or.8</subfield>
    <subfield code="p">A00522</subfield>
    <subfield code="r">2016-11-25</subfield>
    <subfield code="w">2016-11-25</subfield>
    <subfield code="y">VEM</subfield>
  </datafield>
</record>
